|
|
|
|
| LEADER |
00969cam a2200253 7i4500 |
| 001 |
0000053599 |
| 005 |
20230929090000.0 |
| 020 |
|
|
|a 9781461445562 (electronic book)
|
| 090 |
0 |
0 |
|a HQ75.27
|b .L43 2013
|
| 245 |
0 |
0 |
|a LGBT-parent families :
|b innovations in research and implications for practice
|c Abbie E. Goldberg, Katherine R. Allen, editors.
|
| 264 |
|
|
|a Heidelberg:
|b Springer,
|c 2013.
|
| 300 |
|
|
|a 1 online resource (xv, 371 pages):
|b text file, PDF.
|
| 336 |
|
|
|a text
|2 rdacontent
|
| 337 |
|
|
|a computer
|2 rdamedia
|
| 338 |
|
|
|a online resource
|2 rdacarrier
|
| 650 |
0 |
0 |
|a Sexual minorities' families
|
| 650 |
0 |
0 |
|a Children of gay parents
|
| 650 |
0 |
0 |
|a Gay parents
|
| 655 |
0 |
0 |
|a Electronic books
|
| 700 |
1 |
|
|a Goldberg, Abbie E.
|
| 700 |
1 |
|
|a Allen, Katherine R.
|
| 856 |
4 |
2 |
|u http://library.unisel.edu.my/web/guest/mylibrary
|
| 997 |
|
|
|a Education & Social Sciences, Faculty
|b Social Sciences, Department
|
| 999 |
|
|
|a EBO0000118
|b EBOOK
|c EBOOK
|e Electronic resources
|